[Event "Titled Tue 10th Jun Late"]
[Site "chess.com INT"]
[Date "2025.06.10"]
[Round "7"]
[White "Manukyan, Sargis A."]
[Black "Medina Paz, Miguel"]
[Result "1-0"]
[WhiteTitle "FM"]
[BlackTitle "IM"]
[WhiteElo "2294"]
[BlackElo "2368"]
[WhiteFideId "13303970"]
[BlackFideId "7300379"]
[EventDate "2025.06.10"]

1. d4 Nf6 2. c4 g6 3. Nc3 Bg7 4. Nf3 O-O 5. Bg5 h6 6. Bh4 d6 7. e3 Nbd7 8. Be2
g5 9. Bg3 Nh5 10. Nd2 Nxg3 11. hxg3 c5 12. d5 Ne5 13. Qc2 Bd7 14. f4 Ng6 15.
fxg5 hxg5 16. Bd3 f5 17. O-O-O e5 18. dxe6 Bxe6 19. g4 Qd7 20. Rdf1 Bxc3 21.
bxc3 Ne5 22. gxf5 Nxd3+ 23. Qxd3 Bxf5 24. Qd5+ Qe6 25. Rxf5 Qxd5 26. Rxd5 Rf2
27. Rxg5+ Kf7 28. Ne4 Rxa2 29. Rh7+ Ke6 30. Rh6+ Kd7 31. Rg7+ 1-0

[Event "Titled Tue 10th Jun Late"]
[Site "chess.com INT"]
[Date "2025.06.10"]
[Round "7"]
[White "Ngo, Quang Thai"]
[Black "Csonka, Balazs"]
[Result "0-1"]
[WhiteTitle "FM"]
[BlackTitle "IM"]
[WhiteElo "2326"]
[BlackElo "2467"]
[WhiteFideId "12403768"]
[BlackFideId "742910"]
[EventDate "2025.06.10"]

1. d4 Nf6 2. Bg5 Ne4 3. Bf4 e5 4. dxe5 d5 5. Nd2 Qe7 6. Nxe4 dxe4 7. Qd4 Nc6 8.
Qxe4 g5 9. Bd2 f5 10. Qa4 Bd7 11. e3 O-O-O 12. O-O-O Bg7 13. Nf3 Kb8 14. Be2 g4
15. Nd4 Nxd4 16. Qxd4 Bc6 17. Qb4 Qxb4 18. Bxb4 Bxg2 19. Rxd8+ Rxd8 20. Rg1 Bd5
21. f4 gxf3 22. Bxf3 Bxf3 0-1

[Event "Titled Tue 10th Jun Late"]
[Site "chess.com INT"]
[Date "2025.06.10"]
[Round "7"]
[White "Unsal, Gorkem"]
[Black "Pereyra, Horacio"]
[Result "1-0"]
[WhiteTitle "CM"]
[WhiteElo "2109"]
[BlackElo "2133"]
[WhiteFideId "51607484"]
[BlackFideId "113700"]
[EventDate "2025.06.10"]

1. e4 c6 2. d3 d5 3. Nd2 e6 4. Ngf3 Nf6 5. g3 Be7 6. Bg2 O-O 7. O-O dxe4 8. dxe4
c5 9. e5 Nd5 10. Ne4 Nc6 11. h4 Qc7 12. c4 Nb6 13. Bf4 Nxc4 14. Rc1 N4xe5 15.
Nxc5 Nxf3+ 16. Qxf3 e5 17. Bg5 Nd4 18. Qh5 Bxc5 19. b4 g6 20. Qd1 Be6 21. Rxc5
Qd6 22. Bf6 Nf5 23. Qxd6 Nxd6 24. Be7 Nf5 25. Bxf8 Kxf8 26. Bxb7 Rb8 27. Bd5 Bd7
28. Rc7 Bb5 29. Rxf7+ Ke8 30. Rc1 Nd4 31. Rcc7 Be2 32. Rxh7 Kd8 33. Rcd7+ Ke8
34. Rdf7 Rxb4 35. Rh8# 1-0

[Event "Titled Tue 10th Jun Late"]
[Site "chess.com INT"]
[Date "2025.06.10"]
[Round "7"]
[White "Blackburn, Jonathan L B"]
[Black "Banerjee, Supratit"]
[Result "0-1"]
[WhiteTitle "FM"]
[BlackTitle "FM"]
[WhiteElo "2207"]
[BlackElo "2311"]
[WhiteFideId "1801090"]
[BlackFideId "2410079"]
[EventDate "2025.06.10"]

1. d4 Nf6 2. c4 g6 3. Nc3 Bg7 4. e4 d6 5. Be2 O-O 6. f4 c5 7. d5 e6 8. Nf3 exd5
9. cxd5 Nbd7 10. O-O Re8 11. Qc2 c4 12. Bxc4 Nc5 13. Bb5 Bd7 14. Bxd7 Qxd7 15.
e5 dxe5 16. Nxe5 Qd6 17. Be3 Rac8 18. Rad1 a6 19. Nc4 Qd8 20. d6 Ncd7 21. Qd3
Rxc4 22. Qxc4 Rxe3 23. Rfe1 Rxe1+ 24. Rxe1 Qb6+ 25. Kh1 Qxd6 26. Qc8+ Bf8 27.
Qxb7 Qxf4 28. Qxa6 Ng4 29. Qe2 Qxh2# 0-1

[Event "Titled Tue 10th Jun Late"]
[Site "chess.com INT"]
[Date "2025.06.10"]
[Round "7"]
[White "Tristan, Leonardo"]
[Black "Woodward, Andy"]
[Result "0-1"]
[WhiteTitle "GM"]
[BlackTitle "GM"]
[WhiteElo "2536"]
[BlackElo "2567"]
[WhiteFideId "113816"]
[BlackFideId "30953499"]
[EventDate "2025.06.10"]

1. d4 Nf6 2. Nf3 e6 3. Bf4 c5 4. e3 d5 5. c3 Nc6 6. Nbd2 h6 7. Bb5 Qb6 8. a4 a6
9. Bxc6+ bxc6 10. Qc2 a5 11. O-O Ba6 12. Rfe1 Be7 13. e4 cxd4 14. Nxd4 O-O 15.
e5 Nd7 16. N2f3 Nc5 17. b4 Nd3 18. b5 Nxe1 19. Rxe1 cxb5 20. axb5 Bb7 21. Qd2
Rfc8 22. h4 Bf8 23. Nh2 Qc7 24. Re3 a4 25. Rg3 h5 26. Nhf3 Qxc3 27. Qe2 Qc4 28.
Qe3 a3 29. Kh2 a2 30. Bh6 Qc1 31. Bxg7 Bxg7 0-1

[Event "Titled Tue 10th Jun Late"]
[Site "chess.com INT"]
[Date "2025.06.10"]
[Round "7"]
[White "Tokarz, Izabela"]
[Black "Kodihalli, Kaustubh"]
[Result "0-1"]
[WhiteTitle "WFM"]
[WhiteElo "2054"]
[BlackElo "2038"]
[WhiteFideId "21849170"]
[BlackFideId "30956455"]
[EventDate "2025.06.10"]

1. d4 Nf6 2. c4 g6 3. Nc3 d5 4. cxd5 Nxd5 5. e4 Nxc3 6. bxc3 Bg7 7. Nf3 c5 8.
Bc4 O-O 9. O-O Nc6 10. Be3 cxd4 11. cxd4 Bg4 12. d5 Ne5 13. Be2 Nxf3+ 14. Bxf3
Bxf3 15. gxf3 Bxa1 16. Qxa1 f6 17. Bh6 Rf7 18. f4 Qd7 19. f5 gxf5 20. Kh1 fxe4
21. Rg1+ Kh8 22. Qd4 Rd8 23. Qe3 Rg8 24. Rxg8+ Kxg8 25. Qxe4 Qh3 26. Qg2+ Qxg2+
27. Kxg2 f5 28. Kf3 Rf6 29. Bg5 Rd6 30. Bxe7 Rxd5 31. Kf4 Kf7 32. Ba3 Ke6 33. h4
Rd2 34. Bc5 Rxa2 35. h5 b6 36. Be3 Ra4+ 37. Kg5 f4 38. Bxf4 Rxf4 39. Kxf4 a5 40.
Kg5 a4 41. Kh6 a3 42. Kxh7 a2 43. h6 a1=Q 44. Kg8 Qg1+ 45. Kh8 Kf7 46. h7 Qg7# 0-1

[Event "Titled Tue 10th Jun Late"]
[Site "chess.com INT"]
[Date "2025.06.10"]
[Round "7"]
[White "Garcia Cuenca, Victor"]
[Black "Kalyani Sirin"]
[Result "1-0"]
[WhiteTitle "FM"]
[BlackTitle "WFM"]
[WhiteElo "2284"]
[BlackElo "2138"]
[WhiteFideId "2250829"]
[BlackFideId "33323500"]
[EventDate "2025.06.10"]

1. Nf3 c5 2. e3 d5 3. d4 e6 4. Nbd2 Nf6 5. c3 Be7 6. Bd3 O-O 7. O-O Nc6 8. Qe2
b6 9. Re1 Bb7 10. dxc5 bxc5 11. e4 h6 12. e5 Nd7 13. a3 Qc7 14. c4 Nb6 15. cxd5
exd5 16. Nf1 Bc8 17. Ng3 Be6 18. Bc2 Rfe8 19. Qd3 g6 20. Bxh6 c4 21. Qd2 Bc5 22.
Nh5 Nd7 23. Qg5 Be7 24. Nf6+ Kh8 25. Qh4 1-0

[Event "Titled Tue 10th Jun Late"]
[Site "chess.com INT"]
[Date "2025.06.10"]
[Round "7"]
[White "Risteski, Emil"]
[Black "Mei, Austin"]
[Result "1-0"]
[WhiteTitle "IM"]
[BlackTitle "FM"]
[WhiteElo "2374"]
[BlackElo "2280"]
[WhiteFideId "15005267"]
[BlackFideId "30948479"]
[EventDate "2025.06.10"]

1. g3 Nf6 2. Bg2 d5 3. Nf3 c5 4. O-O Nc6 5. d3 e5 6. Nbd2 h5 7. e4 d4 8. Nc4 Qc7
9. a4 Be6 10. Nfxe5 Nxe5 11. Nxe5 h4 12. Nc4 hxg3 13. hxg3 Ng4 14. Bf4 Qd8 15.
e5 g5 16. Bd2 Bg7 17. Qe2 Kf8 18. b4 b6 19. bxc5 bxc5 20. Ba5 Qc8 21. Nd6 Qa6
22. Bc7 Bxe5 23. Nb5 Bxc7 24. Nxc7 Qd6 25. Nxa8 Kg7 26. Rae1 Qd8 27. Qf3 1-0

[Event "Titled Tue 10th Jun Late"]
[Site "chess.com INT"]
[Date "2025.06.10"]
[Round "7"]
[White "Veiga, Emerson de Sousa"]
[Black "Uyanga, Byambaa"]
[Result "1-0"]
[BlackTitle "WFM"]
[WhiteElo "2150"]
[BlackElo "2006"]
[WhiteFideId "2151898"]
[BlackFideId "2054906"]
[EventDate "2025.06.10"]

1. e4 c5 2. d4 cxd4 3. Nf3 Nc6 4. Nxd4 d6 5. Nc3 Nf6 6. Bc4 g6 7. O-O Bg7 8. h3
O-O 9. Be3 Nxe4 10. Nxe4 d5 11. Nxc6 bxc6 12. Bd3 dxe4 13. Bxe4 Qc7 14. c3 Rb8
15. Qc2 Ba6 16. Rfd1 Rfd8 17. b4 f5 18. Bf3 e5 19. Be2 Bxe2 20. Qxe2 e4 21.
Rxd8+ Rxd8 22. Rd1 Rd5 23. Qc4 Qf7 24. Rxd5 Qxd5 25. Qxd5+ cxd5 26. Bxa7 Bxc3
27. b5 d4 28. b6 d3 29. b7 Be5 30. Kf1 f4 31. b8=Q+ Bxb8 32. Bxb8 g5 33. a4 Kf7
34. a5 Ke7 35. a6 Kd7 36. a7 Kc8 37. a8=Q 1-0

[Event "Titled Tue 10th Jun Late"]
[Site "chess.com INT"]
[Date "2025.06.10"]
[Round "7"]
[White "Jagirapu, Harshin Reddy"]
[Black "Petrus, Adrian"]
[Result "0-1"]
[BlackTitle "CM"]
[WhiteElo "2042"]
[BlackElo "2203"]
[WhiteFideId "39910679"]
[BlackFideId "14573652"]
[EventDate "2025.06.10"]

1. e4 e5 2. Nf3 Nc6 3. Bb5 f5 4. Nc3 fxe4 5. Nxe4 Nf6 6. Qe2 d5 7. Nxf6+ gxf6 8.
d4 Bg7 9. dxe5 O-O 10. Bxc6 bxc6 11. exf6 Qxf6 12. O-O Bg4 13. c3 Rae8 14. Be3
Qg6 15. Kh1 c5 16. Qd2 Bxf3 17. gxf3 Qf5 18. Qd1 d4 19. cxd4 cxd4 20. Bd2 c5 21.
Qb3+ Kh8 22. Rfe1 d3 23. Qb7 Re2 24. Rxe2 dxe2 25. Re1 Qd3 26. Bc3 Bxc3 27. bxc3
Qd1 28. Qb1 Rd8 0-1

[Event "Titled Tue 10th Jun Late"]
[Site "chess.com INT"]
[Date "2025.06.10"]
[Round "7"]
[White "Sargsyan, Shant"]
[Black "Gelman, Alexander"]
[Result "0-1"]
[WhiteTitle "GM"]
[BlackTitle "IM"]
[WhiteElo "2669"]
[BlackElo "2403"]
[WhiteFideId "13306766"]
[BlackFideId "4118316"]
[EventDate "2025.06.10"]

1. Nc3 c5 2. Nf3 e6 3. g3 a6 4. Bg2 d6 5. O-O Nf6 6. e4 Nc6 7. d4 cxd4 8. Nxd4
Bd7 9. Re1 Be7 10. Be3 O-O 11. h3 Rc8 12. Qd2 b5 13. a3 Ne5 14. b3 Qc7 15. Nde2
Bc6 16. f4 Ned7 17. Kh2 Bb7 18. Rac1 Nc5 19. Bxc5 Qxc5 20. b4 Qc4 21. Qd3 Qc7
22. Nd1 d5 23. e5 Ne4 24. Ne3 f6 25. Bxe4 dxe4 26. Qb3 fxe5 27. Qxe6+ Kh8 28. f5
Bg5 29. Qb3 Bxe3 30. Qxe3 Rxf5 31. Ng1 Rcf8 32. Re2 h6 33. Rd1 Qf7 34. Rdd2 Bd5
35. Kg2 Rf3 36. Qc5 e3 37. Qxd5 exd2 38. Qxf7 d1=Q 39. Qb7 Rf1 0-1

[Event "Titled Tue 10th Jun Late"]
[Site "chess.com INT"]
[Date "2025.06.10"]
[Round "7"]
[White "Urbina Perez, Juan Antonio"]
[Black "Tanriverdi, Enes"]
[Result "0-1"]
[WhiteTitle "FM"]
[BlackTitle "IM"]
[WhiteElo "2221"]
[BlackElo "2413"]
[WhiteFideId "2217368"]
[BlackFideId "34543279"]
[EventDate "2025.06.10"]

1. e4 e5 2. Nf3 Nc6 3. Bc4 d6 4. d4 Be7 5. Nc3 Bg4 6. dxe5 Nxe5 7. Be2 Bxf3 8.
Bxf3 Nf6 9. Be2 c6 10. O-O O-O 11. a4 Re8 12. f4 Ng6 13. Bf3 a5 14. g3 Qb6+ 15.
Kg2 Bf8 16. Qd3 Rad8 17. Be3 Qc7 18. Rad1 d5 19. exd5 Bb4 20. Qc4 Rxe3 21. dxc6
bxc6 22. Rxd8+ Qxd8 23. Qxc6 h5 24. Nb5 h4 25. c3 Bf8 26. Rd1 Rd3 27. Rxd3 Qxd3
28. Qb6 h3+ 29. Kf2 Ne4+ 30. Bxe4 Qxe4 31. Qd8 Qg2+ 32. Ke3 Qxh2 33. Nd6 Qxg3+
34. Ke2 Nxf4+ 0-1

[Event "Titled Tue 10th Jun Late"]
[Site "chess.com INT"]
[Date "2025.06.10"]
[Round "7"]
[White "Bacus, Dharim"]
[Black "Deichmann, Esteban Horacio"]
[Result "0-1"]
[WhiteTitle "FM"]
[WhiteElo "2131"]
[BlackElo "2103"]
[WhiteFideId "5201527"]
[BlackFideId "167410"]
[EventDate "2025.06.10"]

1. e4 c5 2. Nf3 Nc6 3. d4 cxd4 4. Nxd4 e5 5. Nb5 d6 6. Bc4 a6 7. N5a3 Nf6 8. Nc3
Be6 9. Bg5 b5 10. Bd5 Rc8 11. Nab1 Be7 12. Bxf6 Bxf6 13. a3 Nd4 14. O-O Bxd5 15.
exd5 O-O 16. Nd2 Be7 17. Nf3 Nxf3+ 18. Qxf3 f5 19. Qe2 Bf6 20. f3 Qb6+ 21. Kh1
Rc4 22. a4 Rfc8 23. axb5 axb5 24. Rfc1 e4 25. fxe4 fxe4 26. Ra2 Bxc3 27. bxc3
Qc5 28. h3 Qxd5 29. Rd1 Qe5 30. Ra5 h6 31. Rd2 e3 32. Rd3 Rxc3 33. Rxc3 Rxc3 34.
Rxb5 Rxc2 35. Rb8+ Kf7 36. Qxc2 e2 37. Rb7+ Kf6 0-1

[Event "Titled Tue 10th Jun Late"]
[Site "chess.com INT"]
[Date "2025.06.10"]
[Round "7"]
[White "Lazavik, Denis"]
[Black "Mahdavi, Reza"]
[Result "1-0"]
[WhiteTitle "GM"]
[BlackTitle "IM"]
[WhiteElo "2580"]
[BlackElo "2454"]
[WhiteFideId "13515110"]
[BlackFideId "12595926"]
[EventDate "2025.06.10"]

1. e4 e5 2. Nf3 Nc6 3. Bc4 Nf6 4. d3 Bc5 5. O-O d6 6. c3 a6 7. a4 h6 8. Re1 Ba7
9. Nbd2 g5 10. b4 Nh7 11. Nf1 Qf6 12. Be3 Ne7 13. Bxa7 Rxa7 14. Ne3 O-O 15. d4
c6 16. h3 h5 17. Nh2 Qg6 18. Bd3 Kh8 19. Nc4 b5 20. axb5 cxb5 21. Ne3 Rc7 22.
Ra3 Rg8 23. Nd5 Rd7 24. c4 bxc4 25. Bxc4 Nxd5 26. Bxd5 Nf6 27. Bc4 Nxe4 28. Bd3
f5 29. Bxe4 fxe4 30. Rae3 Bb7 31. dxe5 Re8 32. exd6 Rxd6 33. Qe2 Kh7 34. Nf1 h4
35. Nd2 Rde6 36. Qg4 Kh6 37. Nb3 Re5 38. Nc5 Bc8 39. Qe2 Bf5 40. Qxa6 Qxa6 41.
Nxa6 Rb5 42. Nc7 1-0

[Event "Titled Tue 10th Jun Late"]
[Site "chess.com INT"]
[Date "2025.06.10"]
[Round "7"]
[White "Thomforde-Toates, Noah"]
[Black "Hadzovic, Amir"]
[Result "1-0"]
[BlackTitle "FM"]
[WhiteElo "2128"]
[BlackElo "2354"]
[WhiteFideId "30951992"]
[BlackFideId "14402300"]
[EventDate "2025.06.10"]

1. d4 d6 2. Nc3 Nc6 3. Nf3 g6 4. Bf4 Bg7 5. e3 Nh6 6. d5 Nb8 7. e4 O-O 8. Qd2
Ng4 9. h3 Ne5 10. Nxe5 dxe5 11. Bh6 e6 12. h4 exd5 13. h5 dxe4 14. Qe3 Qd4 15.
Qc1 Bf5 16. Bxg7 Kxg7 17. hxg6 Bxg6 18. Qh6+ Kg8 19. Rd1 Qb4 20. a3 Qb6 21. Nd5
Qd6 22. Bc4 Nc6 23. Qg5 Nd4 24. Nf6+ Kh8 25. Qxg6 fxg6 26. Rxh7# 1-0

[Event "Titled Tue 10th Jun Late"]
[Site "chess.com INT"]
[Date "2025.06.10"]
[Round "7"]
[White "Sapocinic, Semion"]
[Black "Bratovic, Blaz"]
[Result "1-0"]
[WhiteTitle "FM"]
[BlackTitle "IM"]
[WhiteElo "2296"]
[BlackElo "2319"]
[WhiteFideId "13908693"]
[BlackFideId "14603551"]
[EventDate "2025.06.10"]

1. e4 c5 2. Nf3 d6 3. Bb5+ Bd7 4. Bxd7+ Qxd7 5. O-O Nc6 6. c4 e5 7. d3 g6 8. Nc3
Bg7 9. a3 a5 10. Rb1 Nge7 11. Nd5 Nxd5 12. exd5 Nd4 13. Nxd4 cxd4 14. b4 axb4
15. axb4 b5 16. Qb3 O-O 17. Bb2 f5 18. Ra1 e4 19. c5 f4 20. dxe4 Rxa1 21. Rxa1
f3 22. gxf3 Qh3 23. Ra3 Rf4 24. Ra8+ Bf8 25. cxd6 Rxf3 26. Qc2 Rf4 27. Ra3 Rg4+
28. Rg3 Rxg3+ 29. hxg3 Bxd6 30. Bxd4 h5 31. e5 Bxb4 32. Qxg6+ Kf8 33. Qf6+ Ke8
34. d6 h4 35. Qe7# 1-0

[Event "Titled Tue 10th Jun Late"]
[Site "chess.com INT"]
[Date "2025.06.10"]
[Round "7"]
[White "Da Matta, Eduardo Cesar"]
[Black "Fernandes, Rogerio Paulo Muller"]
[Result "0-1"]
[WhiteElo "2047"]
[BlackElo "2241"]
[WhiteFideId "2193108"]
[BlackFideId "2101599"]
[EventDate "2025.06.10"]

1. d4 Nf6 2. c4 c5 3. d5 b5 4. cxb5 a6 5. bxa6 Bxa6 6. Nc3 d6 7. e4 Bxf1 8. Kxf1
g6 9. g3 Bg7 10. Kg2 O-O 11. Nf3 Nbd7 12. Qe2 Ng4 13. a4 Qc8 14. h3 Nge5 15.
Nxe5 Nxe5 16. f4 Nd7 17. Ra3 Qa6 18. Nb5 Qb7 19. h4 h5 20. g4 hxg4 21. Qxg4 Nf6
22. Qf3 Nh5 23. Rg1 Kh7 24. Kh3 Qd7+ 25. Qg4 Qxg4+ 26. Rxg4 Nf6 27. Rg2 Nxe4 28.
Re2 f5 29. Nc3 Bxc3 30. bxc3 Rfb8 31. a5 Rb5 32. Rea2 Ra6 33. c4 Rb4 34. Ra4 Rb1
35. Ra1 Rb3+ 36. Kh2 Rc3 37. Rb1 Rc2+ 38. Kh1 Nc3 39. Rb6 Nxa4 40. Rxa6 Rxc1+
41. Kg2 Rxc4 42. Ra7 Nc3 43. Rxe7+ Kh6 44. a6 Ra4 45. Re6 Rxa6 46. Rxd6 Rxd6 0-1

[Event "Titled Tue 10th Jun Late"]
[Site "chess.com INT"]
[Date "2025.06.10"]
[Round "7"]
[White "Kornienko, Konstantin"]
[Black "Chen, Yidong"]
[Result "1-0"]
[WhiteTitle "CM"]
[WhiteElo "2141"]
[BlackElo "2074"]
[WhiteFideId "34400419"]
[BlackFideId "8607028"]
[EventDate "2025.06.10"]

1. d4 Nf6 2. Nf3 g6 3. c4 Bg7 4. Nc3 d5 5. cxd5 Nxd5 6. e4 Nxc3 7. bxc3 c5 8.
Be2 O-O 9. O-O Bg4 10. Be3 Nc6 11. d5 Bxf3 12. Bxf3 Na5 13. Bxc5 Bxc3 14. Rb1 b6
15. Be3 Qd7 16. Qd3 Bg7 17. Rfc1 Rac8 18. Qa6 h5 19. Be2 Be5 20. Bb5 Rxc1+ 21.
Rxc1 Qb7 22. Qxb7 Nxb7 23. f4 Bb8 24. e5 Rd8 25. Bf2 Na5 26. Be2 Kg7 27. Bf3 f6
28. Re1 fxe5 29. fxe5 Nc4 30. d6 exd6 31. e6 Ne5 32. Bd5 g5 33. Bd4 Rc8 34. Rf1
Rf8 35. Rc1 Kf6 36. Be3 1-0

[Event "Titled Tue 10th Jun Late"]
[Site "chess.com INT"]
[Date "2025.06.10"]
[Round "7"]
[White "Aung Thant Zin"]
[Black "Brady, Tyson"]
[Result "0-1"]
[WhiteTitle "FM"]
[BlackTitle "CM"]
[WhiteElo "2268"]
[BlackElo "2170"]
[WhiteFideId "13000063"]
[BlackFideId "30970369"]
[EventDate "2025.06.10"]

1. c4 e6 2. Nf3 d5 3. e3 Nf6 4. Nc3 Nbd7 5. d4 c6 6. Bd3 dxc4 7. Bxc4 b5 8. Bd3
Bd6 9. O-O O-O 10. b3 Bb7 11. Bb2 a6 12. Rc1 c5 13. Bb1 cxd4 14. Nxd4 Ne5 15. h3
Rc8 16. Nce2 Rxc1 17. Qxc1 Qa8 18. f3 Nd5 19. a3 Rc8 20. Qd2 Bb8 21. Kh1 Ng6 22.
e4 Ndf4 23. Nxf4 Bxf4 24. Qf2 Qb8 25. Ne2 Bd6 26. Rd1 h5 27. Nd4 h4 28. Ne2 Be5
29. Nd4 Bg3 30. Qe3 Nf4 31. Ne2 Nh5 0-1

[Event "Titled Tue 10th Jun Late"]
[Site "chess.com INT"]
[Date "2025.06.10"]
[Round "7"]
[White "Leschinsky, Gary"]
[Black "Baltabaev, Temirlan"]
[Result "0-1"]
[BlackTitle "FM"]
[WhiteElo "1992"]
[BlackElo "2295"]
[WhiteFideId "30951321"]
[BlackFideId "4112172"]
[EventDate "2025.06.10"]

1. Nf3 d5 2. g3 c6 3. Bg2 Nf6 4. O-O g6 5. c4 Bg7 6. d4 O-O 7. a4 dxc4 8. Na3
Be6 9. Ng5 Bg4 10. Nxc4 h6 11. Nf3 Nbd7 12. Nfe5 Nxe5 13. Nxe5 Be6 14. e4 Nd7
15. f4 Nxe5 16. dxe5 Qb6+ 17. Kh1 Rfd8 18. Qe2 Qb4 19. Rd1 Bc4 20. Qe1 Qb3 21.
Be3 Qxb2 22. Rdb1 Qc2 23. Rxb7 e6 24. Rc1 Qa2 25. Rb4 Bd3 26. Rxc6 Bf8 27. Rd4
Rxd4 28. Bxd4 Qxa4 29. Qc3 Qd1+ 30. Bg1 a5 31. Rc8 Rxc8 32. Qxc8 a4 33. h3 a3
34. Qa8 Qb1 35. Kh2 Kg7 36. Bd4 Qc2 37. Kg1 a2 38. h4 Bc5 39. Bxc5 Qxc5+ 40. Kh2
Qc2 41. Kh3 Qb1 42. Qd8 a1=Q 43. Qf6+ Kg8 44. Qd8+ Kh7 45. Qe7 Qh1+ 46. Bxh1
Qxh1+ 47. Kg4 Be2# 0-1

[Event "Titled Tue 10th Jun Late"]
[Site "chess.com INT"]
[Date "2025.06.10"]
[Round "7"]
[White "Vila Dupla, Aurelio"]
[Black "Pica, Eleni"]
[Result "1-0"]
[WhiteTitle "FM"]
[BlackTitle "WCM"]
[WhiteElo "2056"]
[BlackElo "1686"]
[WhiteFideId "2203383"]
[BlackFideId "5910005"]
[EventDate "2025.06.10"]

1. Nf3 Nf6 2. d4 d5 3. c4 e6 4. cxd5 exd5 5. Nc3 c6 6. Qc2 Bd6 7. Bg5 h6 8. Bxf6
Qxf6 9. Nxd5 cxd5 10. Qxc8+ Qd8 11. Qxd8+ Kxd8 12. a3 Nc6 13. e3 Re8 14. Be2 Rc8
15. O-O Ke7 16. Rac1 Kf8 17. Rc3 Ne7 18. Rfc1 Rxc3 19. Rxc3 a6 20. Nd2 Rc8 21.
Rxc8+ Nxc8 22. Bf3 Ne7 23. Nb1 Bc7 24. Nc3 Ba5 25. Nxd5 Nxd5 26. Bxd5 Bd2 27.
Bxb7 a5 28. a4 Bc1 29. b3 Ke7 30. Bd5 f6 31. Bc4 Kd6 32. Kf1 Bd2 33. Ke2 Bb4 34.
f4 h5 35. Bf7 h4 36. h3 g5 37. fxg5 fxg5 38. Kd3 Ke7 39. Bc4 Kd6 40. e4 Kd7 41.
e5 Be7 42. Ke4 Kc7 43. Kf5 Kd7 44. d5 Bd8 45. Bb5+ Kc7 46. d6+ Kc8 47. e6 Kb7
48. e7 1-0

[Event "Titled Tue 10th Jun Late"]
[Site "chess.com INT"]
[Date "2025.06.10"]
[Round "7"]
[White "Loya Ibarra, Rigoberto"]
[Black "Suarez Uriel, Adrian"]
[Result "0-1"]
[BlackTitle "IM"]
[WhiteElo "2069"]
[BlackElo "2394"]
[WhiteFideId "5110688"]
[BlackFideId "22230874"]
[EventDate "2025.06.10"]

1. e4 c5 2. Nc3 Nc6 3. Bc4 e6 4. d3 Nge7 5. Bg5 f6 6. Bh4 d5 7. Bb3 d4 8. Nce2
e5 9. f4 Ng6 10. Bg3 exf4 11. Nxf4 Bd6 12. Nge2 Nxf4 13. Nxf4 Qc7 14. O-O Bxf4
15. Rxf4 Ne5 16. Qh5+ Kd8 17. Raf1 Bd7 18. R4f2 Be8 19. Bxe5 Qxe5 20. Qxe5 fxe5
21. Rf8 Rxf8 22. Rxf8 Ke7 23. Rf5 Kd6 24. Rf8 Rc8 25. Bd5 b6 26. Rg8 g6 27. Rg7
Rc7 28. Rg8 Bc6 29. Rd8+ Rd7 30. Rxd7+ Bxd7 31. Kf2 Bg4 32. c4 a6 33. Bb7 a5 34.
Ba6 g5 35. Bb5 h6 36. Ba4 Bd7 37. Bc2 b5 38. b3 a4 39. bxa4 bxc4 40. dxc4 Kc7
41. Kg3 Kb6 42. h4 Ka5 43. hxg5 hxg5 44. Kf3 Kb4 45. Bb3 Bxa4 46. Kg4 Bxb3 47.
axb3 d3 48. Kf3 Kxb3 0-1

[Event "Titled Tue 10th Jun Late"]
[Site "chess.com INT"]
[Date "2025.06.10"]
[Round "7"]
[White "Gyurjinyan, Valter"]
[Black "Gokerkan, Cem Kaan"]
[Result "0-1"]
[WhiteTitle "CM"]
[BlackTitle "GM"]
[WhiteElo "2208"]
[BlackElo "2489"]
[WhiteFideId "13318179"]
[BlackFideId "6336760"]
[EventDate "2025.06.10"]

1. e4 c5 2. Nf3 e6 3. Nc3 Nc6 4. Bb5 Nd4 5. O-O a6 6. Bd3 Nc6 7. Re1 g6 8. Nd5
Bg7 9. c3 d6 10. Ne3 Nge7 11. Bf1 O-O 12. d4 cxd4 13. cxd4 d5 14. e5 Bd7 15. Ng4
Nf5 16. Bg5 Qb6 17. Rc1 Rfc8 18. Nf6+ Bxf6 19. Bxf6 Ncxd4 20. Nxd4 Qxd4 21. Qb3
Rxc1 22. Rxc1 Bc6 23. Bd3 Qf4 24. Re1 h5 25. Bxf5 Qxf5 26. Qe3 Kh7 27. h4 Rc8
28. Rc1 Qe4 29. Qb6 d4 30. Rd1 Qxg2# 0-1

[Event "Titled Tue 10th Jun Late"]
[Site "chess.com INT"]
[Date "2025.06.10"]
[Round "7"]
[White "Khodzhamkuliev, Bahadur"]
[Black "Gutierrez Carmona, Juan Alejandro"]
[Result "1-0"]
[BlackTitle "FM"]
[WhiteElo "2093"]
[BlackElo "2036"]
[WhiteFideId "24135046"]
[BlackFideId "5106770"]
[EventDate "2025.06.10"]

1. Nc3 b6 2. d4 d5 3. e4 dxe4 4. f3 exf3 5. Nxf3 Nf6 6. Ne5 Bb7 7. Bb5+ c6 8.
Bc4 e6 9. Qe2 Qc8 10. O-O Be7 11. Nxf7 Kxf7 12. Qh5+ g6 13. Qh3 Ba6 14. Bxa6
Nxa6 15. Bg5 Nc7 16. Ne4 Ne8 17. Bxf6 Bxf6 18. Rxf6+ Nxf6 19. Nd6+ Kg7 20. Nxc8
Raxc8 21. Qxe6 Rhe8 22. Qd6 Rcd8 23. Qxc6 Rxd4 24. Rf1 Rf8 25. h3 Rd7 26. a4
Rdf7 27. Rf3 Nh5 28. Rxf7+ Rxf7 29. b4 Nf4 30. Kh2 Ne2 31. a5 bxa5 32. bxa5 1-0

[Event "Titled Tue 10th Jun Late"]
[Site "chess.com INT"]
[Date "2025.06.10"]
[Round "7"]
[White "Matinian, Nikita"]
[Black "Ansat, Aldiyar"]
[Result "1-0"]
[WhiteTitle "GM"]
[BlackTitle "IM"]
[WhiteElo "2421"]
[BlackElo "2489"]
[WhiteFideId "24129100"]
[BlackFideId "13715658"]
[EventDate "2025.06.10"]

1. e4 e5 2. Nf3 Nc6 3. Bb5 a6 4. Ba4 Nf6 5. O-O Be7 6. d3 b5 7. Bb3 d6 8. a3 O-O
9. Nc3 Rb8 10. Bg5 h6 11. Bxf6 Bxf6 12. Nd5 g6 13. c3 Bg7 14. h3 Kh7 15. d4 exd4
16. cxd4 Na5 17. Ba2 c6 18. Ne3 c5 19. dxc5 dxc5 20. Qc2 c4 21. Rad1 Qf6 22. e5
Qe7 23. Nd5 Qa7 24. Nf6+ Kh8 25. Nh4 Rb6 26. Bb1 Rxf6 27. exf6 Bxf6 28. Nf3 Qc5
29. Qd2 Nb3 30. Qxh6+ Kg8 31. Rfe1 a5 32. Re2 b4 33. axb4 axb4 34. Rde1 Bd7 35.
Ne5 Be8 36. Nxg6 Bg7 37. Ne7+ Qxe7 38. Qh7# 1-0